ARRUPE JESUIT UNIVERSITY

CORONAVIRUS -STOP THE SPREAD - CLEAN,DISINFECT,COVER

The drawings of Leonardo da Vinci, (Record no. 131626)

MARC details
000 -LEADER
fixed length control field 00979cam a22002771 4500
001 - CONTROL NUMBER
control field 6933097
003 - CONTROL NUMBER IDENTIFIER
control field ARRUPE
005 - DATE AND TIME OF LATEST TRANSACTION
control field 20221130152458.0
008 - FIXED-LENGTH DATA ELEMENTS--GENERAL INFORMATION
fixed length control field 741014s1945 nyuf b 000 0 eng
010 ## - LIBRARY OF CONGRESS CONTROL NUMBER
LC control number 45010204
028 ## - PUBLISHER NUMBER
Source Arrupe
035 ## - SYSTEM CONTROL NUMBER
System control number (OCoLC)1039919
040 ## - CATALOGING SOURCE
Original cataloging agency DLC
Transcribing agency NBiSU
Modifying agency OCoLC
-- DLC
042 ## - AUTHENTICATION CODE
Authentication code premarc
050 00 - LIBRARY OF CONGRESS CALL NUMBER
Classification number NC1055.L5
Item number P58
082 ## - DEWEY DECIMAL CLASSIFICATION NUMBER
Classification number 741.91
300 ## - PHYSICAL DESCRIPTION
Other physical details 320 pl. on 160 l.
Dimensions 26 x 20 cm.
100 0# - MAIN ENTRY--PERSONAL NAME
Personal name Leonardo,
Titles and other words associated with a name da Vinci,
Dates associated with a name 1452-1519.
9 (RLIN) 32840
245 04 - TITLE STATEMENT
Title The drawings of Leonardo da Vinci,
Statement of responsibility, etc with an introduction and notes by A.E. Popham ...
260 ## - PUBLICATION, DISTRIBUTION, ETC. (IMPRINT)
Place of publication, distribution, etc New York,
Name of publisher, distributor, etc Reynal & Hitchcock
Date of publication, distribution, etc [1945]
300 ## - PHYSICAL DESCRIPTION
Extent 5 p. l., 172 p., 1 l.
504 ## - BIBLIOGRAPHY, ETC. NOTE
Bibliography, etc "Books and articles (used or referred to in this work)": p. 93-99.
700 1# - ADDED ENTRY--PERSONAL NAME
Personal name Popham, A. E.
Fuller form of name (Arthur Ewart),
Dates associated with a name 1889-1970,
Relator term ed.
9 (RLIN) 52173
710 2# - ADDED ENTRY--CORPORATE NAME
Corporate name or jurisdiction name as entry element Rouben Mamoulian Collection (Library of Congress)
Institution to which field applies DLC
9 (RLIN) 4210
906 ## - LOCAL DATA ELEMENT F, LDF (RLIN)
a 7
b cbc
c oclcrpl
d u
e ncip
f 19
g y-gencatlg
942 ## - ADDED ENTRY ELEMENTS (KOHA)
Source of classification or shelving scheme Library of Congress Classification
Koha item type Monograph ( Printed materials)
Holdings
Withdrawn status Lost status Source of classification or shelving scheme Damaged status Not for loan Home library Current library Shelving location Date acquired Total Checkouts Full call number Barcode Date last seen Price effective from Koha item type
    Library of Congress Classification     ARRUPE LIBRARY ARRUPE LIBRARY Main Collection 30/11/2022   NC1055.L5 P58 46700000196 30/11/2022 30/11/2022 Monograph ( Printed materials)

 

Arrupe Library. PO Box MP320 Mt Pleasant, Harare, Zimbabwe
263 242 745411|librarian@aju.ac.zw